Tổng tập văn học Việt Nam; T14A
সংরক্ষণ করুন:
| বিন্যাস: | গ্রন্থ |
|---|---|
| ভাষা: | Undetermined |
| প্রকাশিত: |
Hà Nội
KHXH
|
| ট্যাগগুলো: |
ট্যাগ যুক্ত করুন
কোনো ট্যাগ নেই, প্রথমজন হিসাবে ট্যাগ করুন!
|
| Thư viện lưu trữ: | Trung tâm Học liệu Trường Đại học Cần Thơ |
|---|
| LEADER | 00453nam a2200145Ia 4500 | ||
|---|---|---|---|
| 001 | CTU_17013 | ||
| 008 | 210402s9999 xx 000 0 und d | ||
| 020 | |b cần thêm chi tiết mô tả | ||
| 082 | |a 895.922 | ||
| 082 | |b T455/T14A | ||
| 245 | 0 | |a Tổng tập văn học Việt Nam; T14A | |
| 260 | |a Hà Nội | ||
| 260 | |b KHXH | ||
| 904 | |i Nguyễn Quang Điền, 970611 | ||
| 980 | |a Trung tâm Học liệu Trường Đại học Cần Thơ | ||